00897 a2200181 4500999001700000020001800017082002100035100002100056245002800077250001700105260002900122300001500151504001800166520034000184650003800524942001200562952014100574 c25787d25787 a9781137607348 a330.015195bECO- aGujarati,Damodar aEconometrics by example a2nd Edition  bPalgravec2015aGujarat  axxix, 465p aInclude Index aThe second edition of this bestselling textbook retains its unique learning-by-doing approach to the study of econometrics. Rather than relying on complex theoretical discussions and complicated mathematics, this book explains econometrics from a practical point of view by walking the student through real-life examples, step by step. aEconometricsvRegression analysis 2ddccBK 00104070aNASSDOCbNASSDOCd2019-12-26eOPg479.14i2019-12-20l0o330.015195 ECO-p50606r2019-12-27 00:00:00v656.36w2019-12-26yBK